[Event "Mumbai Aurionpro GM op"]
[Site "Mumbai"]
[Date "2025.06.22"]
[Round "7"]
[White "Gochelashvili, David"]
[Black "Bhat, Sannidhi Ramakrishn"]
[Result "1-0"]
[WhiteElo "2303"]
[BlackElo "1876"]
[PlyCount "109"]
[EventDate "2025.06.16"]
[EventType "swiss"]
[EventRounds "9"]
[EventCountry "IND"]
[SourceTitle "CB26_2025"]
[SourceDate "2025.06.25"]
[SourceVersion "1"]
[SourceVersionDate "2025.06.25"]
[SourceQuality "1"]

1. d4 d5 2. c4 e6 3. Nf3 c5 4. cxd5 exd5 5. g3 Nc6 6. Bg2 Nf6 7. 0-0 Be7 8. dxc5 Bxc5 9. a3 Ne4 10. Nfd2 Bf5 11. Nxe4 Bxe4 12. Bxe4 dxe4 13. Qc2 Qe7 14. Nc3 e3 15. Bxe3 Bxe3 16. Nd5 Nd4 17. Qc4 Qc5 18. Nc7+ Kd7 19. Qxf7+ Kc8 20. Nxa8 Nxe2+ 21. Kg2 Qc6+ 22. Qf3 Bg5 23. Rad1 Bf6 24. Qd5 Kb8 25. Qxc6 bxc6 26. Rd7 Kxa8 27. Rfd1 Rb8 28. R1d2 Nd4 29. f4 Rb7 30. Rd6 Nb3 31. Re2 Rb8 32. g4 h6 33. Rc2 Nd4 34. Rd2 Nb3 35. Rc2 c5 36. Rd5 Re8 37. g5 hxg5 38. fxg5 Bd4 39. Rd7 Re4 40. Kf3 Re1 41. h4 Be5 42. Kg4 Re4+ 43. Kf5 Re3 44. Kg6 Bd4 45. h5 Re6+ 46. Kh7 Re5 47. Rxg7 Be3 48. Rg2 Nd4 49. h6 Ne6 50. Re2 Nd4 51. Rxe3 Rxe3 52. g6 Rh3 53. Rf7 Ne6 54. Rf5 Rb3 55. g7 1-0

[Event "Wch U20 Girls 40th"]
[Site "Gandhinagar"]
[Date "2024.06.04"]
[Round "3"]
[White "Anishka, Vikram"]
[Black "Bhat, Sannidhi Ramakrishn"]
[Result "0-1"]
[WhiteElo "2048"]
[BlackElo "1842"]
[PlyCount "116"]
[EventDate "2024.06.02"]
[EventType "swiss"]
[EventRounds "11"]
[EventCountry "IND"]
[SourceTitle "CBM 220 Extra"]
[Source "ChessBase"]
[SourceDate "2024.07.31"]
[SourceVersion "1"]
[SourceVersionDate "2024.07.31"]
[SourceQuality "1"]

1. d4 Nc6 2. d5 Nb8 3. e4 d6 4. c4 g6 5. Nc3 Bg7 6. h3 Nf6 7. Nf3 0-0 8. Be2 Nbd7 9. 0-0 Nc5 10. Qc2 a5 11. Be3 Nfd7 12. Rad1 e5 13. dxe6 Nxe6 14. Nd4 Nec5 15. f4 Re8 16. Bf2 c6 17. Bf3 Qe7 18. b3 Nf8 19. a3 Nfe6 20. Nde2 Bh6 21. Bg3 Rd8 22. b4 axb4 23. axb4 Na6 24. Qb1 Nf8 25. b5 Nc5 26. Qb4 Nfe6 27. Kh1 Bf8 28. Rd2 Qe8 29. Qb1 Ra3 30. Qb2 Rb3 31. Qc2 Rb4 32. Na2 Ra4 33. bxc6 bxc6 34. f5 Ng7 35. Bf2 Ba6 36. Rd4 Rb8 37. Nf4 Qc8 38. fxg6 hxg6 39. Be2 Ra3 40. Nc3 Rab3 41. Rd2 Rxc3 42. Qxc3 Nxe4 43. Qc2 Nxd2 44. Qxd2 Ne8 45. Bd4 Bg7 46. Bxg7 Nxg7 47. Qxd6 Nf5 48. Qd3 Qd8 49. Qa3 Ra8 50. Qc3 Qd4 51. Qxd4 Nxd4 52. Bd3 Nb3 53. Rb1 Nc5 54. Bf1 Rd8 55. Rb6 Rd1 56. Kg1 Bxc4 57. Rxc6 Rxf1+ 58. Kh2 Rxf4 0-1

[Event "Wch U20 Girls 40th"]
[Site "Gandhinagar"]
[Date "2024.06.02"]
[Round "1"]
[White "Hryzlova, Sofiia"]
[Black "Bhat, Sannidhi Ramakrishn"]
[Result "1-0"]
[WhiteElo "2246"]
[BlackElo "1842"]
[PlyCount "63"]
[EventDate "2024.06.02"]
[EventType "swiss"]
[EventRounds "11"]
[EventCountry "IND"]
[SourceTitle "CBM 220 Extra"]
[Source "ChessBase"]
[SourceDate "2024.07.31"]
[SourceVersion "1"]
[SourceVersionDate "2024.07.31"]
[SourceQuality "1"]

1. d4 Nc6 2. d5 Nb8 3. e4 d6 4. c4 g6 5. Nc3 Bg7 6. h3 Nf6 7. Nf3 0-0 8. Bd3 e6 9. 0-0 exd5 10. cxd5 c6 11. Bf4 cxd5 12. exd5 Re8 13. Rc1 a6 14. Qb3 Nh5 15. Bh2 Bh6 16. Ne4 Bf8 17. Bxd6 Rxe4 18. Bxf8 Re8 19. Bh6 b5 20. Ng5 Ra7 21. Rfe1 Nf4 22. Rxe8+ Qxe8 23. Qc3 f6 24. Qxc8 Re7 25. Ne4 Nxd5 26. Qxe8+ Rxe8 27. Rc5 f5 28. Rxd5 fxe4 29. Bc2 Nc6 30. Bb3 Kh8 31. Rd7 Ne7 32. Bf7 1-0

[Event "IND-ch U15 Girls 39th"]
[Site "Jalgaon"]
[Date "2023.12.31"]
[Round "7"]
[White "Bhat, Sannidhi Ramakrishn"]
[Black "Sachi, Jain"]
[Result "1-0"]
[WhiteElo "1637"]
[BlackElo "1844"]
[PlyCount "81"]
[EventDate "2023.12.27"]
[EventType "swiss"]
[EventRounds "11"]
[EventCountry "IND"]
[SourceTitle "CBM 218 Extra"]
[Source "ChessBase"]
[SourceDate "2024.03.31"]
[SourceVersion "1"]
[SourceVersionDate "2024.03.31"]
[SourceQuality "1"]

1. d4 d5 2. Bf4 e6 3. e3 Nf6 4. Nd2 c5 5. c3 Nc6 6. Ngf3 Bd6 7. Bg3 0-0 8. Bd3 Qe7 9. Ne5 Nd7 10. Nxd7 Qxd7 11. Qh5 f5 12. f4 c4 13. Bc2 b5 14. a3 a5 15. Bf2 Qf7 16. Qh3 Bd7 17. g4 b4 18. Nf3 g6 19. gxf5 exf5 20. Ng5 Qe7 21. Qf3 Kg7 22. h4 h5 23. 0-0 b3 24. Bd1 Be6 25. Qg2 Qf6 26. Bxh5 Rh8 27. Bf3 Ne7 28. h5 Kf8 29. Bh4 Ke8 30. Qg3 Kd7 31. Ne4 Qf7 32. Ng5 Qf6 33. e4 Bc7 34. Nh7 Qg7 35. Nf6+ Kc6 36. exd5+ Bxd5 37. Rae1 Bxf3 38. Qxf3+ Kd6 39. Rxe7 Kxe7 40. Re1+ Kf7 41. Qd5+ 1-0

[Event "IND-ch U15 Girls 39th"]
[Site "Jalgaon"]
[Date "2023.12.28"]
[Round "2"]
[White "Modipalli, Deekshitha"]
[Black "Bhat, Sannidhi Ramakrishn"]
[Result "0-1"]
[WhiteElo "1394"]
[BlackElo "1637"]
[PlyCount "102"]
[EventDate "2023.12.27"]
[EventType "swiss"]
[EventRounds "11"]
[EventCountry "IND"]
[SourceTitle "CBM 218 Extra"]
[Source "ChessBase"]
[SourceDate "2024.03.31"]
[SourceVersion "1"]
[SourceVersionDate "2024.03.31"]
[SourceQuality "1"]

1. d4 Nc6 2. d5 Nb8 3. c4 d6 4. Nc3 g6 5. e4 Bg7 6. Nf3 Nf6 7. Be2 0-0 8. 0-0 a5 9. Re1 Na6 10. h3 Nc5 11. Bf1 a4 12. Rb1 e5 13. dxe6 Bxe6 14. b4 axb3 15. axb3 Bd7 16. g3 Bc6 17. Nd2 Re8 18. Qc2 h5 19. Bg2 h4 20. g4 Ne6 21. Nf3 Nd7 22. Nd5 Ne5 23. Be3 Nxf3+ 24. Bxf3 Nd4 25. Qd1 Nxf3+ 26. Qxf3 Bxd5 27. exd5 Bc3 28. Rec1 Be5 29. g5 Qd7 30. Kg2 Kg7 31. Rh1 f5 32. gxf6+ Bxf6 33. Bh6+ Kxh6 34. Qxf6 Re4 35. Ra1 Rae8 36. Rhg1 Qe7 37. Qxe7 R4xe7 38. Ra7 b6 39. Rga1 Rf8 40. Rb7 Re2 41. Rf1 Rf7 42. b4 Rc2 43. c5 bxc5 44. b5 Rb2 45. Kg1 Kg7 46. f3 Rd2 47. b6 cxb6 48. Rxb6 Rxd5 49. Kg2 Rd2+ 50. Kg1 Rc7 51. Re1 Kf7 0-1

[Event "IND-ch U15 Girls"]
[Site "Sangli"]
[Date "2023.11.26"]
[Round "5"]
[White "Bhat, Sannidhi Ramakrishn"]
[Black "Anushka, Bapu Kutwal"]
[Result "0-1"]
[WhiteElo "1664"]
[BlackElo "1670"]
[PlyCount "162"]
[EventDate "2023.11.25"]
[EventType "swiss"]
[EventRounds "8"]
[EventCountry "IND"]
[SourceTitle "EXT 2025"]
[Source "ChessBase"]
[SourceDate "2024.10.14"]
[SourceVersion "1"]
[SourceVersionDate "2024.10.14"]
[SourceQuality "1"]

1. d4 d5 2. Bf4 Nf6 3. e3 c5 4. Nd2 e6 5. c3 Nc6 6. Ngf3 Be7 7. Ne5 Nd7 8. Nxd7 Bxd7 9. Bd3 Rc8 10. Nf3 c4 11. Bc2 Bf6 12. Qe2 Ne7 13. h4 h5 14. Nd2 Ng6 15. Bxg6 fxg6 16. Nf3 Qe7 17. Qc2 Qf7 18. Be5 Be7 19. Rh3 0-0 20. Rg3 Be8 21. Bf4 Qf5 22. Qe2 b5 23. Bg5 Bd6 24. Rh3 a5 25. Kf1 b4 26. Ne1 Bd7 27. Kg1 Qe4 28. f3 Qf5 29. e4 dxe4 30. fxe4 Qg4 31. Nf3 e5 32. dxe5 Bxe5 33. Qd2 Bb8 34. e5 Qe6 35. Rg3 Bc6 36. Re1 Bxf3 37. Rxf3 Rxf3 38. gxf3 Re8 39. Re4 bxc3 40. Qxc3 Bxe5 41. Qe3 Qh3 42. Bf4 Rd8 43. Rxe5 Rd1+ 44. Qe1 Rxe1+ 45. Rxe1 Qxf3 46. Bg5 Qg3+ 47. Kf1 Qb8 48. Re2 Kh7 49. Rd2 Qe5 50. Re2 Qf5+ 51. Kg2 Qd3 52. Rd2 Qe4+ 53. Kh2 a4 54. Rf2 Qe5+ 55. Kg2 Qd5+ 56. Kh2 a3 57. bxa3 c3 58. Kg1 Qd1+ 59. Rf1 Qd4+ 60. Kg2 Qd5+ 61. Kg1 Qxa2 62. Kh1 Qxa3 63. Kg1 Qc5+ 64. Kg2 Qd5+ 65. Kf2 Qd3 66. Re1 Kg8 67. Re3 Qd2+ 68. Re2 Qd4+ 69. Kf1 Qd1+ 70. Kf2 c2 71. Re1 Kf8 72. Be7+ Kg8 73. Bg5 c1Q 74. Bxc1 Qd4+ 75. Kf3 Qg4+ 76. Ke3 Qxh4 77. Rg1 Qf6 78. Ke2 h4 79. Bg5 Qf5 80. Ke3 Qc5+ 81. Kf3 Qxg1 0-1

[Event "IND-ch U15 Girls"]
[Site "Sangli"]
[Date "2023.11.25"]
[Round "3"]
[White "Bhat, Sannidhi Ramakrishn"]
[Black "Pal, Vedika"]
[Result "1-0"]
[WhiteElo "1664"]
[BlackElo "1470"]
[PlyCount "89"]
[EventDate "2023.11.25"]
[EventType "swiss"]
[EventRounds "8"]
[EventCountry "IND"]
[SourceTitle "EXT 2025"]
[Source "ChessBase"]
[SourceDate "2024.10.14"]
[SourceVersion "1"]
[SourceVersionDate "2024.10.14"]
[SourceQuality "1"]

1. d4 d5 2. Bf4 Nf6 3. e3 c5 4. Nd2 Nc6 5. c3 Qb6 6. Qb3 c4 7. Qc2 g6 8. e4 Nxe4 9. Nxe4 dxe4 10. Bxc4 Bg7 11. Ne2 Bf5 12. Be3 Qc7 13. d5 Ne5 14. Bb5+ Bd7 15. Bxd7+ Qxd7 16. Qxe4 f5 17. Qc2 Qxd5 18. 0-0 0-0 19. Nf4 Qf7 20. Rfe1 g5 21. Bd4 gxf4 22. Bxe5 Bxe5 23. Rxe5 Qg7 24. Rae1 f3 25. g3 f4 26. h4 Rf6 27. Rxe7 Qh6 28. Qb3+ Kh8 29. Re8+ Rf8 30. Rxa8 Rxa8 31. Qxb7 Rf8 32. Qxa7 fxg3 33. Qd4+ Kg8 34. Qd5+ Kh8 35. Qe5+ Rf6 36. Qg5 Qxg5 37. hxg5 Rf5 38. Re8+ Kg7 39. fxg3 Kg6 40. Kf2 Kxg5 41. Rg8+ Kh6 42. Rg4 Kh5 43. Rf4 Rxf4 44. gxf4 Kg4 45. f5 1-0

[Event "IND-ch U19 Girls"]
[Site "Ahmedabad"]
[Date "2023.09.21"]
[Round "2"]
[White "Bhat, Sannidhi Ramakrishn"]
[Black "Sherali, Pattnaik"]
[Result "1-0"]
[WhiteElo "1767"]
[BlackElo "1478"]
[PlyCount "85"]
[EventDate "2023.09.20"]
[EventType "swiss"]
[EventRounds "11"]
[EventCountry "IND"]
[SourceTitle "CBM 216 Extra"]
[Source "ChessBase"]
[SourceDate "2023.11.30"]
[SourceVersion "1"]
[SourceVersionDate "2023.11.30"]
[SourceQuality "1"]

1. d4 Nf6 2. Nf3 d5 3. Bf4 c5 4. e3 Nc6 5. Nbd2 Bf5 6. c3 Qb6 7. Nh4 Bd7 8. Qb3 c4 9. Qc2 Nh5 10. Bg3 Nxg3 11. hxg3 g6 12. e4 e6 13. Be2 Bg7 14. e5 Qc7 15. f4 b5 16. g4 Ne7 17. Nf1 b4 18. Ne3 Qa5 19. 0-0 Qb6 20. Bxc4 dxc4 21. Nxc4 Qc6 22. Nd6+ Kf8 23. c4 Nc8 24. Ne4 Qb6 25. Nc5 Qd8 26. Qf2 Ne7 27. Rad1 h5 28. g5 Bc6 29. d5 exd5 30. cxd5 Bb5 31. Rfe1 Qb6 32. d6 Nf5 33. Nxf5 gxf5 34. e6 fxe6 35. Rxe6 Kg8 36. d7 Qc7 37. Red6 Kh7 38. g6+ Kh6 39. Ne6 Qc4 40. Qg3 Bf6 41. g7 Rhg8 42. Nf8 Qf7 43. Qg5# 1-0

[Event "IND-ch (Women) 49th"]
[Site "Ahmedabad"]
[Date "2023.07.09"]
[Round "10"]
[White "Singh, Neha"]
[Black "Bhat, Sannidhi Ramakrishn"]
[Result "0-1"]
[WhiteElo "1728"]
[BlackElo "1641"]
[PlyCount "64"]
[EventDate "2023.06.30"]
[EventType "swiss"]
[EventRounds "11"]
[EventCountry "IND"]
[SourceTitle "CBM 215 Extra"]
[Source "ChessBase"]
[SourceDate "2023.09.30"]
[SourceVersion "1"]
[SourceVersionDate "2023.09.30"]
[SourceQuality "1"]

1. e4 d5 2. exd5 Qxd5 3. Nc3 Qa5 4. d4 Nf6 5. Bd2 c6 6. Nf3 Bf5 7. Bc4 e6 8. 0-0 Nbd7 9. Re1 Bb4 10. a3 Bxc3 11. Bxc3 Qc7 12. b4 b5 13. Bb3 0-0 14. Ne5 Nxe5 15. dxe5 Ne4 16. Bb2 c5 17. f3 Rad8 18. Qe2 Nd2 19. Qxb5 c4 20. Ba4 Rd5 21. Qc6 Qe7 22. Bc3 Qg5 23. Kh1 Rfd8 24. Re2 h5 25. Qb7 Nxf3 26. gxf3 Qf4 27. Rf2 Rd1+ 28. Rf1 Bg4 29. Bc6 R1d2 30. Bxd2 Rxd2 31. Qa8+ Kh7 32. Be4+ Bf5 0-1

[Event "IND-ch U13 Girls 35th"]
[Site "Puducherry"]
[Date "2022.12.13"]
[Round "4"]
[White "Sneha, Halder"]
[Black "Bhat, Sannidhi Ramakrishn"]
[Result "1-0"]
[WhiteElo "1613"]
[BlackElo "1394"]
[PlyCount "93"]
[EventDate "2022.12.11"]
[EventType "swiss"]
[EventRounds "11"]
[EventCountry "IND"]
[SourceTitle "EXT 2024"]
[Source "ChessBase"]
[SourceDate "2023.10.10"]
[SourceVersion "1"]
[SourceVersionDate "2023.10.10"]
[SourceQuality "1"]

1. d4 Nc6 2. Nf3 d6 3. g3 g6 4. Bg2 Bg7 5. 0-0 Nf6 6. b3 0-0 7. Bb2 e5 8. dxe5 Ng4 9. Nbd2 Ngxe5 10. Nxe5 Nxe5 11. Rb1 Re8 12. Ba1 Rb8 13. c4 Bd7 14. Bd4 Bc6 15. Bxe5 Bxg2 16. Kxg2 Bxe5 17. Nf3 Bg7 18. Qd3 Qf6 19. Rfd1 Rbd8 20. e3 c6 21. Qd2 Qf5 22. Qd3 Qe6 23. Qc2 Rd7 24. Rd2 Bf6 25. Rbd1 Red8 26. e4 b6 27. h3 Kg7 28. Re2 Re8 29. Qd3 Red8 30. Nd2 Qe8 31. f4 Kg8 32. Nf3 Bg7 33. g4 Re7 34. Kf1 Rdd7 35. b4 Bf8 36. Nd4 Rc7 37. b5 d5 38. Nxc6 Rxc6 39. bxc6 dxe4 40. Qd7 Qa8 41. Qd5 e3 42. Rd3 Qb8 43. Qf3 b5 44. c5 Bh6 45. g5 Bxg5 46. fxg5 Qe5 47. Rd8+ 1-0

[Event "IND-ch U14 Girls 34th"]
[Site "Ahmedabad"]
[Date "2022.05.13"]
[Round "10"]
[White "Bhat, Sannidhi Ramakrishn"]
[Black "Nivedita, VC."]
[Result "1-0"]
[WhiteElo "1373"]
[BlackElo "1296"]
[PlyCount "49"]
[EventDate "2022.05.09"]
[EventType "swiss"]
[EventRounds "11"]
[EventCountry "IND"]
[SourceTitle "EXT 2023"]
[Source "ChessBase"]
[SourceDate "2022.10.05"]
[SourceVersion "1"]
[SourceVersionDate "2022.10.05"]
[SourceQuality "1"]

1. d4 Nf6 2. Nf3 e6 3. Bf4 d5 4. e3 Be7 5. Nbd2 0-0 6. Bd3 c5 7. c3 Nc6 8. Ne5 Nxe5 9. dxe5 Nd7 10. h4 g6 11. Nf3 c4 12. Bc2 b5 13. Rh3 b4 14. Bh6 Re8 15. h5 Qa5 16. hxg6 hxg6 17. Qd2 bxc3 18. bxc3 Ba3 19. Ke2 Bb2 20. Rah1 Nf8 21. Bg5 f6 22. Bxf6 Nh7 23. Rxh7 Ba6 24. Rh8+ Kf7 25. R1h7# 1-0

[Event "IND-ch U14 Girls 34th"]
[Site "Ahmedabad"]
[Date "2022.05.12"]
[Round "8"]
[White "Bhat, Sannidhi Ramakrishn"]
[Black "Sanikommu, Manasvi"]
[Result "1-0"]
[WhiteElo "1373"]
[BlackElo "1399"]
[PlyCount "53"]
[EventDate "2022.05.09"]
[EventType "swiss"]
[EventRounds "11"]
[EventCountry "IND"]
[SourceTitle "EXT 2023"]
[Source "ChessBase"]
[SourceDate "2022.10.05"]
[SourceVersion "1"]
[SourceVersionDate "2022.10.05"]
[SourceQuality "1"]

1. d4 Nf6 2. Nf3 g6 3. Bg5 Bg7 4. Nbd2 d6 5. c3 Nbd7 6. e4 0-0 7. Be2 h6 8. Bh4 c5 9. 0-0 b6 10. Re1 Bb7 11. e5 dxe5 12. dxe5 Ng4 13. e6 Nde5 14. h3 Nxf3+ 15. Bxf3 Bxf3 16. Nxf3 Nf6 17. exf7+ Kh7 18. Qc2 Qd7 19. Rad1 Qf5 20. Qxf5 gxf5 21. Rxe7 a5 22. Ne5 Rad8 23. Rxd8 Rxd8 24. Bxf6 Bxf6 25. f8Q+ Bxe7 26. Qf7+ Kh8 27. Ng6# 1-0